00600nam a2200169 4500001000700000003000900007005001700016007000300033008004100036100003800077245007900115260004100194300002200235852003200257999001900289952012200308116524ES-MaACL20230906190724.0t|061121s1973 sp r ||||1| spa d1 aOtazu y Llana, Alfonso de.98786413aEl `igualatarismo` vasco b: mito y realidad / cAlfonso de Otazu y Llana. aSan Sebastián : bTxertoa, c1973. a454 p. ; c19 cm. aES-MaACLjC-52963 bR.86398 c116524d116524 00104070aATENEOMbATENEOMcDEPO2d2008-01-17eSCl0oC-52963p1121506r2023-02-23 00:00:00w2023-02-23yMONOGRAFIA